| 000 | 01261cam a2200373 a 4500 | ||
|---|---|---|---|
| 001 | 16613823 | ||
| 003 | OSt | ||
| 005 | 20180116183012.0 | ||
| 008 | 110118s2010 nyu b 001 0 eng | ||
| 010 | _a 2010484579 | ||
| 015 |
_aGBB042110 _2bnb |
||
| 016 | 7 |
_a015515301 _2Uk |
|
| 020 | _a9780071639231 (hbk.) | ||
| 020 | _a0071639233 (hbk.) | ||
| 035 | _a(OCoLC)ocn466354389 | ||
| 040 |
_aUKM _cUKM _dBTCTA _dYDXCP _dSINLB _dUNL _dCDX _dDLC |
||
| 042 | _alccopycat | ||
| 050 | 0 | 0 |
_aHG4529 _b.K45 2010 |
| 082 | 0 | 4 |
_a332.63221 _222 |
| 100 | 1 |
_aKelleher, Jim. _cCFA. |
|
| 245 | 1 | 0 |
_aEquity valuation for analysts & investors. _ba unique stock valuation tool for financial statement analysis and model-building . _cJim Kelleher. |
| 246 | 3 | _aEquity valuation for analysts and investors | |
| 260 |
_aNew York : _bMcGraw-Hill, _c2010. |
||
| 300 |
_axx, 378 p. ; _c24 cm. |
||
| 500 | _aHard Cover | ||
| 504 | _aIncludes bibliographical references (p. 363-364) and index. | ||
| 600 | _aKelleher, Jim. | ||
| 650 | 0 | _aInvestment analysis. | |
| 650 | 0 |
_aCorporations _xValuation. |
|
| 700 | _aKelleher, Jim. | ||
| 906 |
_a7 _bcbc _ccopycat _d2 _encip _f20 _gy-gencatlg |
||
| 942 |
_2ddc _cBK _k332.63221 |
||
| 999 |
_c350307 _d350307 |
||